Mrs. GREEN APPLE MV再生回数TOP20 - Statistics

General Stats
  • This quiz has been taken 189 times
    44 since last reset
  • The average score is 12 of 20
Answer Stats
楽曲名 再生回数 公開日 タイアップ % Correct
2 ライラック 2.2億 2024/04/12 アニメ『忘却バッテリー』オープニングテーマ
100%
3 青と夏 2億 2018/08/10 映画『青夏 きみに恋した30日』 主題歌
97%
1 インフェルノ 3.4億 2019/08/02 アニメ『炎炎ノ消防隊』オープニングテーマ
94%
5 ダンスホール 1.5億 2022/06/28 フジテレビ系『めざまし8』テーマソング
83%
7 ケセラセラ 1.2億 2023/04/25 ドラマ『日曜の夜ぐらいは...』主題歌
81%
6 Soranji 1.3億 2022/11/02 映画『ラーゲリより愛を込めて』主題歌
81%
4 僕のこと 1.6億 2019/01/17 「第97回全国高校サッカー選手権大会」応援歌
75%
10 クスシキ 8177万 2025/04/05 アニメ『薬屋のひとりごと』第2期第2クールオープニングテーマ
67%
11 ダーリン 7243万 2025/01/20 NHK総合『Mrs. GREEN APPLE 18祭』テーマソング
67%
16 lulu. 5063万 2026/01/12 アニメ『葬送のフリーレン』第2期オープニングテーマ
58%
9 StaRt 9255万 2015/07/08 花王「メリット」CMソング
50%
8 ロマンチシズム 1億 2019/04/10 資生堂「シーブリーズ」CMソング
47%
15 ビターバカンス 5332万 2024/11/29 映画『聖☆おにいさん THE MOVIE~ホーリーメン VS 悪魔軍団~』主題歌
47%
17 familie 4820万 2024/08/20 Honda「FREED」CMソング
44%
13 Magic 6712万 2023/06/13 日本コカ・コーラ「Coke STUDIO」CMソング
39%
14 WanteD! WanteD! 6573万 2017/09/08 ドラマ『僕たちがやりました』オープニングテーマ
39%
20 breakfast 3986万 2025/06/04 フジテレビ系『サン!シャイン』テーマソング
33%
19 CHEERS 4276万 2019/09/19 森永製菓「受験にinゼリー」CMソング
28%
18 Love me, Love you 4531万 2018/02/14 AbemaTVドラマ『御曹司ボーイズ』主題歌
25%
12 春愁 6732万 2018/02/09
19%
No matching quizzes found
Score Distribution
Percent of People with Each Score
Percentile by Number Answered
Your Score History
You have not taken this quiz since the last reset